Ευρωπαϊκό δίκαιο : θεσμοί και έννομες τάξεις της Ευρωπαϊκής Ένωσης
Αποθηκεύτηκε σε:
| Κύριος συγγραφέας: | |
|---|---|
| Μορφή: | Βιβλίο |
| Γλώσσα: | Greek |
| Δημοσίευση: |
Αθήνα-Κομοτηνή :
Σάκκουλας,
c1997.
|
| Έκδοση: | 3η έκδ. |
| Θέματα: | |
| Ετικέτες: |
Προσθήκη ετικέτας
Δεν υπάρχουν, Καταχωρήστε ετικέτα πρώτοι!
|
MARC
| LEADER | 00000cam a2200000 i 4500 | ||
|---|---|---|---|
| 001 | 1/78448 | ||
| 008 | 990426t1997 gr e gre d | ||
| 020 | |a 9602326581 | ||
| 035 | |l 10050155 | ||
| 040 | |a GR-MY-UA |b gre |e aacr | ||
| 041 | 0 | |a gre | |
| 082 | 0 | |a 341.2422 | |
| 100 | 1 | |a Σκανδάμης, Νίκος Ι. | |
| 245 | 1 | 0 | |a Ευρωπαϊκό δίκαιο : |b θεσμοί και έννομες τάξεις της Ευρωπαϊκής Ένωσης / |c Νίκου Σκανδάμη. |
| 250 | |a 3η έκδ. | ||
| 260 | |a Αθήνα-Κομοτηνή : |b Σάκκουλας, |c c1997. | ||
| 300 | |a 698 σ. : |b πίν. ; |c 24 εκ. | ||
| 650 | 0 | 0 | |a Law |z European Economic Community countries. |
| 852 | |a INST |b CHIOS |e 19990426 |h 341.2422 ΣΚΑ |p 005200014438 |q 005200014438 |t BK |y 0 | ||
| 901 | |a BIBL-1999-1 | ||
| 909 | |a Χ |b 065101 | ||
| 922 | |a 2ΕΛΗ |b 199903 |c ΜΑΣΤΡΟΜΑΝΩΛΗΣ |d EMVASIS | ||